| 000 | 00648cam a2200217 a 4500 | ||
|---|---|---|---|
| 001 | 2358088 | ||
| 005 | 20180215071831.0 | ||
| 008 | 840130s1983 gw a b 000 0 eng | ||
| 010 | _a 83162961 | ||
| 020 | _a0387119981 (U.S. : pbk.) | ||
| 040 |
_aDLC _cDLC _dDLC |
||
| 041 | _aeng | ||
| 080 | _a338.5 BEC | ||
| 082 | 0 | 0 |
_a338.5 BEC _219 |
| 100 | _a52 | ||
| 101 | _aEKO | ||
| 245 | 0 | 0 |
_aTechnology, organization, and economic structure : _cedited by Ryuzo Sato and Martin J. Beckmann. |
| 504 | _aIncludes bibliographies. | ||
| 906 |
_a7 _bcbc _corignew _d3 _encip _f19 _gy-gencatlg |
||
| 942 |
_2ddc _cBK |
||
| 999 |
_c42663 _d42663 |
||